Metóda priemernej výnosnosti investície ako nástroj hodnotenia ekonomickej efektívnosti investičného projektu

Popis metódy priemernej výnosnosti (rentability) investície a zhodnotenie obmedzení jej použitia ako nástroja na hodnotenie ekonomickej efektívnosti investičného projektu.

Salvato in:
Dettagli Bibliografici
Autore principale: Freňáková, Magdaléna, 1981-
Natura: Capitolo di libro
Lingua:slovacco
Soggetti:
Tags: Aggiungi Tag
Nessun Tag, puoi essere il primo ad aggiungerne!!

MARC

LEADER 00000nla a2200000 4500
001 0226584
005 20240502073729.7
041 0 |a slo 
044 |a SK 
245 1 0 |a Metóda priemernej výnosnosti investície ako nástroj hodnotenia ekonomickej efektívnosti investičného projektu  |c Magdaléna Freňáková 
520 |a Popis metódy priemernej výnosnosti (rentability) investície a zhodnotenie obmedzení jej použitia ako nástroja na hodnotenie ekonomickej efektívnosti investičného projektu. 
610 2 0 |a efektívnosť ekonomická 
610 2 0 |a teória hodnoty 
610 2 0 |a metódy 
610 2 0 |a princíp ekonomický 
610 2 0 |a funkcie úžitkové 
610 2 0 |a rentabilita 
610 2 0 |a projekty investičné 
100 1 |a Freňáková, Magdaléna, 1981-